[Event "Pancevo"]
[Site "Pancevo"]
[Date "1989.??.??"]
[Round "11"]
[White "Marjanov, Zika"]
[Black "Paunovic, Dragan"]
[Result "0-1"]
[WhiteElo "2265"]
[BlackElo "2460"]

1.Nf3 Nf6 2.d4 g6 3.c4 Bg7 4.Nc3 O-O 5.e4 d6 6.Be2 e5 7.dxe5 dxe5 8.Bg5 c6
9.O-O h6 10.Qxd8 Rxd8 11.Rfd1 Re8 12.Bh4 Na6 13.Rd6 Nh5 14.Rad1 Nf4 15.Bg3 Nxe2+
16.Nxe2 Bg4 17.h3 Bxf3 18.gxf3 g5 19.Bh2 Nc5 20.Ng3 Bf8 21.R6d2 f6 22.Nf5 a5
23.Kf1 Kf7 24.Ke2 Kg6 25.h4 a4 26.Rh1 Rad8 27.h5+ Kf7 28.Ne3 Ne6 29.Nf5 Rxd2+
30.Kxd2 Nd4 31.Nxd4 Rd8 32.Ke2 Rxd4 33.Rc1 Bb4 34.Rc2 Ke7 35.f4 exf4 36.f3 Rd7
37.Bg1 Ke6 38.Ba7 f5 39.exf5+ Kxf5 40.a3 Bf8  0-1

[Event "Paris op-1"]
[Site "Paris"]
[Date "1989.??.??"]
[Round "?"]
[White "Hedan, E."]
[Black "Teisserenc, P."]
[Result "1-0"]
[WhiteElo "1700"]
[BlackElo "1720"]

1.Nf3 Nf6 2.d4 g6 3.c4 Bg7 4.Nc3 O-O 5.e4 d6 6.Be2 e5 7.d5 c6 8.O-O cxd5
9.cxd5 Nbd7 10.b4 Nh5 11.Nd2 Nf4 12.Nc4 Nb6 13.Bb2 Nxc4 14.Bxc4 Bh3 15.g4 Qg5  1-0

[Event "Paris op-1"]
[Site "Paris"]
[Date "1989.??.??"]
[Round "?"]
[White "Ben Aleya, H."]
[Black "Chenel, J."]
[Result "1-0"]
[WhiteElo "1960"]
[BlackElo "1820"]

1.d4 Nf6 2.Nf3 g6 3.c4 Bg7 4.Nc3 O-O 5.e4 d6 6.Be2 e5 7.dxe5 dxe5 8.O-O c6
9.Bg5 Qe7 10.Qc2 h6 11.Bh4 g5 12.Bg3 Nh7 13.h4 g4 14.Nh2 h5 15.f3 f5 16.exf5 Bxf5
17.Bd3 Bxd3 18.Qxd3 gxf3 19.Rxf3 Na6 20.Ne4 Nf6 21.Raf1 Rad8 22.Nxf6+ Rxf6
23.Qe2 Rxf3 24.Nxf3 e4 25.Ng5 Qe8 26.Nxe4 Bxb2 27.Qxb2 Qxe4 28.Qxb7 Qxc4
29.Rf5 Qd4+ 30.Kh2 Rd7 31.Rg5+ Kf7 32.Qxa6 Qe4 33.Qf1+ Ke7 34.Re5+  1-0

[Event "Paris AECE"]
[Site "Paris"]
[Date "1989.??.??"]
[Round "8"]
[White "Bernard, Christophe"]
[Black "Belkhodja, Slim"]
[Result "1/2-1/2"]
[WhiteElo "2265"]
[BlackElo "2365"]

1.d4 Nf6 2.Nf3 d6 3.c4 g6 4.Nc3 Bg7 5.e4 O-O 6.Be2 e5 7.O-O Nbd7 8.Re1 c6
9.Bf1 exd4 10.Nxd4 Ng4 11.Qxg4 Bxd4 12.Qd1 Qf6 13.Be3 Bxe3 14.Rxe3 Ne5 15.Be2 Be6
16.Qf1 g5 17.Rd1 Rad8 18.b3 a6 19.Rd2 b5 20.cxb5 axb5 21.Qd1 b4 22.Na4 h6
23.Nb6 Qe7 24.h3 Rb8 25.Nc4 Bxc4 26.Bxc4 Rbd8 27.Re1 Kg7 28.Qe2 Rfe8 29.Rdd1 Qf6
30.Qd2 c5 31.Bd5 h5 32.Re3 h4 33.Qc2 Rh8 34.Qe2 Rh6 35.f3 Qf4 36.Qd2 Rf6
37.Kh1 Rh6 38.Re2 Rhh8 39.Qxf4 gxf4 40.Ra1 Kf6 41.a3 bxa3 42.Rxa3 Rd7 43.Ra6 Rb8
44.Rd2 Ke7 45.Kg1 Rf8 46.Kf2 f5 47.exf5 Rxf5 48.Ra4 Rc7 49.Re2 Kd7 50.Kf1 Rf6
51.Ree4 Ng6 52.Ke2 Ne7 53.Bc4 Rb7 54.Ra6  1/2-1/2

[Event "Podolsk GMA-qual"]
[Site "Podolsk"]
[Date "1989.??.??"]
[Round "?"]
[White "Makarov, Marat"]
[Black "Kanstler, Boris"]
[Result "0-1"]
[WhiteElo "2505"]
[BlackElo "2425"]

1.d4 Nf6 2.c4 g6 3.Nc3 Bg7 4.e4 d6 5.Nf3 O-O 6.Be2 e5 7.O-O Na6 8.Re1 c6
9.Rb1 Bg4 10.d5 c5 11.g3 Qe7 12.Nh4 Bd7 13.Bg5 h6 14.Bd2 Nh7 15.Bg4 Be8 16.Qc1 Ng5
17.a3 Bf6 18.f4 exf4 19.gxf4 h5 20.fxg5 Bd4+ 21.Kh1 hxg4 22.e5 dxe5 23.Ne4 Kg7
24.Rf1 Rh8 25.Be1 Bd7 26.Bg3 Rh5 27.Nf6 Rah8 28.Nxh5+ Rxh5 29.Rf6 Rxg5 30.Qxg5 Qxf6
31.Qxf6+ Kxf6 32.Rf1+ Ke7 33.Re1 g5 34.Ng2 Kd6 35.Ne3 f5 36.Nc2 f4 37.Nxd4 cxd4
38.Bf2 Nc5 39.Rd1 Ba4  0-1

[Event "Podolsk GMA-qual"]
[Site "Podolsk"]
[Date "1989.??.??"]
[Round "?"]
[White "Kuzmin, Alexey"]
[Black "Yurtaev, Leonid"]
[Result "1/2-1/2"]
[WhiteElo "2475"]
[BlackElo "2505"]

1.d4 Nf6 2.c4 g6 3.Nf3 Bg7 4.Nc3 d6 5.e4 O-O 6.Be2 e5 7.dxe5 dxe5 8.Qxd8 Rxd8
9.Bg5 Re8 10.Nd5 Nxd5 11.cxd5 c6 12.Bc4 cxd5 13.Bxd5 Nd7 14.Nd2 Nc5 15.Ke2 Ne6  1/2-1/2

[Event "Podolsk GMA-qual"]
[Site "Podolsk"]
[Date "1989.??.??"]
[Round "?"]
[White "Khenkin, Igor"]
[Black "Yurtaev, Leonid"]
[Result "1-0"]
[WhiteElo "2445"]
[BlackElo "2505"]

1.d4 Nf6 2.c4 g6 3.Nc3 Bg7 4.e4 d6 5.Nf3 O-O 6.Be2 e5 7.d5 Na6 8.Bg5 h6 9.Bh4 g5
10.Bg3 Nh5 11.h4 Nf4 12.hxg5 hxg5 13.Kf1 f5 14.Bxf4 exf4 15.Nd4 Qf6 16.Nxf5 Bxf5
17.exf5 Nc5 18.Bh5 Qxf5 19.Bg4 Qg6 20.Na4 Bf6 21.Nxc5 dxc5 22.d6 c6 23.Qb3 Bd4
24.d7 Rad8 25.Re1 f3 26.gxf3 Rf4 27.Re7 Qb1+ 28.Kg2 Qg6 29.Bh5 Qd6 30.Re8+ Rf8
31.Rxd8 Rxd8 32.Be8 Qf6 33.Qc2 Kf8 34.Rh7 Kg8 35.Qe4 Bxb2 36.Re7 Kf8 37.Re6 Qf4
38.Qh7 Bg7 39.Bh5  1-0

[Event "Podolsk GMA-qual"]
[Site "Podolsk"]
[Date "1989.??.??"]
[Round "?"]
[White "Tunik, Gennady"]
[Black "Belov, Igor"]
[Result "1-0"]
[WhiteElo "2470"]
[BlackElo "2435"]

1.d4 Nf6 2.c4 g6 3.Nc3 Bg7 4.e4 d6 5.Nf3 O-O 6.Be2 e5 7.Be3 exd4 8.Nxd4 Re8
9.f3 c6 10.Qd2 d5 11.exd5 cxd5 12.O-O dxc4 13.Ndb5 Nc6 14.Qxd8 Rxd8 15.Rad1 Bf5
16.Bxc4 Ne5 17.Bb3 Bd3 18.Rfe1 Nc6 19.Nxa7 Nxa7 20.Bxa7 Rxa7 21.Re3 b6 22.Rexd3 Rxd3
23.Rxd3 Rd7 24.Rxd7 Nxd7 25.Kf1 Nc5 26.Bc2 Bxc3 27.bxc3 f6 28.Ke2 Kf7 29.Ke3 Ke6
30.Kd4 Kd6 31.g3 Ne6+ 32.Kc4 Nc7 33.f4 b5+ 34.Kd4 Ne6+ 35.Ke3 Nc7 36.Bb3 Na6
37.Bg8 h6 38.a3 Kc5 39.Bf7 g5 40.Ke4 Kd6 41.Kf5 Ke7 42.Ba2 Nc5 43.c4  1-0

[Event "Podolsk GMA-qual"]
[Site "Podolsk"]
[Date "1989.??.??"]
[Round "?"]
[White "Tunik, Gennady"]
[Black "Timoshenko, Georgy"]
[Result "1/2-1/2"]
[WhiteElo "2470"]
[BlackElo "2535"]

1.d4 Nf6 2.c4 g6 3.Nc3 Bg7 4.e4 d6 5.Nf3 O-O 6.Be2 e5 7.Be3 exd4 8.Nxd4 Re8
9.f3 c6 10.Qd2 d5 11.exd5 cxd5 12.O-O dxc4 13.Ndb5 Qe7 14.Bf4 Rd8 15.Qe3 Qxe3+
16.Bxe3 Nc6 17.Rad1 Bd7 18.Bxc4 b6 19.Rfe1 Na5 20.Bf1 Rdc8 21.Nd6 Rc6 22.Bb5 Rc7
23.Bxd7 Rxd7 24.b3 Ng4 25.fxg4 Bxc3 26.Nb5 Rxd1 27.Rxd1 Be5 28.Rd7 Nc6 29.g3 Kf8
30.Kg2 Ke8 31.Rc7 a6 32.Rxc6 axb5 33.Rxb6 Rxa2+ 34.Kh3 Re2 35.Bc5 Kd7 36.Bg1 Re1
37.Bf2 Re2 38.Rxb5 Rxf2 39.Rxe5 Rb2 40.Rb5 h6 41.Rb8  1/2-1/2

[Event "Podolsk GMA-qual"]
[Site "Podolsk"]
[Date "1989.??.??"]
[Round "?"]
[White "Giorgadze, Giorgi"]
[Black "Tseitlin, Mark D"]
[Result "1/2-1/2"]
[WhiteElo "2470"]
[BlackElo "2435"]

1.Nf3 Nf6 2.c4 g6 3.Nc3 Bg7 4.d4 O-O 5.e4 d6 6.Be2 e5 7.O-O Qe8 8.dxe5 dxe5
9.Be3 Na6 10.Nd2 h5 11.f3 h4 12.c5 Qe7 13.Rc1 Rd8 14.Bxa6 bxa6 15.Qe1 h3
16.g4 Be6 17.Qe2 Qd7 18.Rfd1 Qd3 19.Qxd3 Rxd3 20.Nf1 Rad8 21.Rxd3 Rxd3 22.Kf2 c6
23.b3 Bf8 24.Ke2 Rd7 25.Nd2 Be7 26.Nd1 Nh7 27.Nc4 Bxc4+ 28.Rxc4 Bg5 29.Nf2 Bxe3
30.Kxe3 Ng5 31.Ra4 Ne6 32.Nxh3 Nxc5 33.Rc4 Ne6 34.Rxc6 a5 35.Ra6 Rc7 36.Rxa5 Rc3+
37.Kf2 Nd4 38.Rxe5 Nxf3 39.Ra5 Nxh2 40.Kg2 Nxg4 41.Rxa7 Ne3+ 42.Kg3 Nd1+
43.Kg2 Ne3+ 44.Kg1 Ng4 45.Nf4 Rg3+ 46.Ng2 Rc3 47.Kf1 Rf3+ 48.Kg1 Rg3 49.Kf1 Rf3+
50.Ke1 Rg3 51.Nf4 Re3+ 52.Kd2 Rxe4 53.Nd3 Re8 54.b4 Rd8 55.Ke2 Re8+ 56.Kd2 Rd8
57.Ke2 Re8+ 58.Kf3 Re3+ 59.Kxg4 Rxd3 60.b5 Rd4+ 61.Kf3 Rb4 62.a4 g5 63.Ra6 f5  1/2-1/2

[Event "Rubinstein mem"]
[Site "Polanica Zdroj"]
[Date "1989.??.??"]
[Round "5"]
[White "Siekanski, Janusz"]
[Black "Tseitlin, Mikhail S"]
[Result "*"]
[WhiteElo "2340"]
[BlackElo "2460"]

1.Nf3 d6 2.d4 Nf6 3.c4 g6 4.Nc3 Bg7 5.e4 O-O 6.Be2 e5 7.O-O Nbd7 8.Qc2 c6
9.d5 a5 10.b3 Nc5 11.Ba3 cxd5 12.cxd5 b6 13.Nd2 Bh6 14.Bc1 Ne8 15.Nc4 Bxc1
16.Raxc1 f5 17.f4 exf4 18.Rxf4 Nf6 19.exf5 Bxf5 20.Qd2 Qe7 21.Ne3 Nfe4 22.Nxe4 Bxe4
23.Rcf1 Rxf4 24.Rxf4 Rf8 25.Rxf8+ Qxf8 26.Nc4 Qf6 27.Bf1 b5 28.Nxa5 Bd3 29.Bxd3 Qd4+
30.Qf2 Qxd3 31.Nc6 Ne4 32.Qe1 Kg7 33.h3 Qxd5 34.Qa1+ Kf7 35.Nd4 b4 36.Ne2 Qc5+
37.Qd4 Nc3 38.Qxc5 dxc5 39.Kf2 Nxa2 40.Ke3 Ke6 41.Kd3 Kd5 42.h4 c4+ 43.bxc4+ Kc5
44.h5 gxh5 45.Ng3 b3 46.Ne4+ Kb4 47.c5 Kb5 48.g3 h6 49.Kd4 b2 50.Nd2 Nc1
51.Kc3 Ne2+ 52.Kxb2 Kxc5 53.Nf1 Kd4 54.Kc2 Ke4 55.Kd2 Kf3 56.Ke1 Nc3 57.Nd2+ Kg2
58.Nf1 Kf3 59.Nd2+ Kg2 60.Nf1 Nd5 61.Ke2 Ne7 62.Ke1 Nf5 63.Ke2 Nd4+ 64.Ke1 Nf3+
65.Ke2 Ng1+ 66.Ke1 Kf3 67.Nd2+ Kxg3  *

[Event "Bohemians-B"]
[Site "Prague"]
[Date "1989.??.??"]
[Round "?"]
[White "Laketic, Gojko"]
[Black "Kopicka, K."]
[Result "1-0"]
[WhiteElo "2385"]
[BlackElo "2220"]

1.d4 Nf6 2.Nf3 g6 3.c4 Bg7 4.Nc3 d6 5.e4 O-O 6.Be2 e5 7.d5 Nbd7 8.Bg5 h6
9.Bh4 g5 10.Bg3 Nh5 11.Nd2 Nf4 12.O-O f5 13.exf5 Nf6 14.Nde4 Bxf5 15.Bf3 Qe8
16.Re1 Qg6 17.Nxf6+ Bxf6 18.Be4 g4 19.Qc2 Bg5 20.Rad1 h5 21.Bxf5 Rxf5 22.c5 Raf8
23.Bxf4 Bxf4 24.Ne4 h4 25.Rd3 Bg5 26.cxd6 cxd6 27.Kh1 Bd8 28.h3 Rf4 29.g3 gxh3
30.Rde3 Bb6 31.R3e2 Qg4 32.Rg1 Bxf2 33.Nxf2 Rxf2 34.Rxf2 hxg3 35.Rxf8+ Kxf8
36.Qd3  1-0

[Event "Bohemians"]
[Site "Prague"]
[Date "1989.??.??"]
[Round "?"]
[White "Danner, Georg"]
[Black "Vokac, Marek"]
[Result "1-0"]
[WhiteElo "2400"]
[BlackElo "2445"]

1.d4 Nf6 2.c4 g6 3.Nc3 Bg7 4.e4 d6 5.Nf3 O-O 6.Be2 e5 7.d5 a5 8.Bg5 h6 9.Bh4 Na6
10.Nd2 Qe8 11.a3 Bd7 12.b3 Nh7 13.f3 h5 14.Rb1 Bh6 15.Bf2 f5 16.b4 axb4 17.axb4 Qe7
18.c5 Nf6 19.O-O Kh7 20.Nc4 fxe4 21.Nxe4 Nxe4 22.fxe4 Rf4 23.cxd6 cxd6 24.b5 Nc7
25.Nb6 Raf8 26.Nxd7 Qxd7 27.Qd3 Ne8 28.Bb6 Rxf1+ 29.Rxf1 Rxf1+ 30.Kxf1 Qc8
31.Qc4 Qxc4 32.Bxc4 Bd2 33.Bd8 Bb4 34.b6 Kg7 35.Ba6 Nf6 36.Bxb7 Nxe4 37.Bc6 Nc5
38.b7 Nxb7 39.Bxb7 Bc5 40.Ke2 Kh6 41.Kf3 Kg7 42.Ba6  1-0

[Event "Bohemians"]
[Site "Prague"]
[Date "1989.??.??"]
[Round "?"]
[White "Zueger, Beat"]
[Black "Kosic, Dragan"]
[Result "1-0"]
[WhiteElo "2445"]
[BlackElo "2445"]

1.d4 Nf6 2.c4 g6 3.Nc3 Bg7 4.e4 d6 5.Nf3 O-O 6.Be2 e5 7.O-O exd4 8.Nxd4 Re8
9.f3 c6 10.Nb3 a5 11.Na4 d5 12.cxd5 cxd5 13.Bg5 Bd7 14.Nbc5 b5 15.Nxd7 Qxd7
16.Nc3 dxe4 17.Bxb5 Qa7+ 18.Kh1 Nbd7 19.Bxf6 Nxf6 20.Bxe8 Rxe8 21.Nxe4 Nxe4
22.fxe4 Bxb2 23.Rb1 Bd4 24.Qd3 Re7 25.Rb5 Kg7 26.Rd5 Be5 27.Rd1 Qc7 28.g3 h5
29.Rd7 Rxd7 30.Qxd7 Qc2 31.Qd5 Qc3 32.Rf1 f6 33.Qd7+ Kh6 34.Qd1 Kg7 35.Qe2 h4
36.gxh4 Qh3 37.h5 g5 38.Rd1 Kh6 39.Rd3 Qh4 40.h3 Qf4 41.Rf3 Qc1+ 42.Rf1 Qa3
43.Qg2 Qd3 44.a4 Qd7 45.Qf3 Qe8 46.Rb1 Bf4 47.h4 Qxa4 48.hxg5+ Bxg5 49.Qf5 Qe8
50.Kg2 Qg8 51.Rb8  1-0

[Event "Bohemians"]
[Site "Prague"]
[Date "1989.??.??"]
[Round "?"]
[White "Pekarek, Ales"]
[Black "Chekhov, Valery A"]
[Result "1/2-1/2"]
[WhiteElo "2465"]
[BlackElo "2480"]

1.d4 Nf6 2.c4 d6 3.Nc3 Nbd7 4.e4 e5 5.Nf3 g6 6.Be2 Bg7 7.O-O O-O 8.Qc2 c6
9.d5 a5 10.Rd1 Qc7 11.Bd2 Nc5 12.Rac1 Bd7 13.b3 Rfc8 14.Bg5 h6 15.Be3 cxd5
16.Nxd5 Nxd5 17.cxd5 Qd8 18.Qb1 b5 19.Nd2 h5 20.a3 Bf6 21.Rc2 Bg5 22.Bxg5 Qxg5
23.b4 axb4 24.axb4 Na4 25.Nf3 Qf4 26.g3 Qf6 27.Rdc1 Rxc2 28.Rxc2 Nb6 29.Nd2 h4
30.Nb3 hxg3 31.hxg3 Kg7 32.Na5 Rh8 33.Qc1 g5 34.Qe3 Qh6 35.Bf3 Nc4 36.Nxc4 bxc4
37.Kf1 Qf6 38.Rc3 Rb8 39.Qa7 Qd8 40.Qa5 Qb6 41.Qxb6 Rxb6 42.Be2 Rxb4 43.Rxc4 Bh3+
44.Kg1 Rxc4 45.Bxc4 Kf6 46.f3 Bd7 47.Kf2 Ke7 48.Bf1 Kd8 49.Kg2 Kc7 50.Kf2 Kb6
51.Ke3 Kc5 52.Ba6 Kb4 53.Bf1 Kc3 54.Ba6 Kc2 55.Bb7  1/2-1/2

[Event "Prague op"]
[Site "Prague"]
[Date "1989.??.??"]
[Round "4"]
[White "Volke, Karsten"]
[Black "Sykora, Robert"]
[Result "1/2-1/2"]
[WhiteElo "2380"]
[BlackElo "2220"]

1.d4 Nf6 2.Nf3 g6 3.c4 Bg7 4.Nc3 O-O 5.e4 d6 6.Be2 e5 7.O-O Na6 8.Re1 Qe8
9.dxe5 dxe5 10.b3 Nd7 11.Ba3 Nac5 12.Nb5 Qd8 13.Bxc5 Nxc5 14.Qxd8 Rxd8 15.Nxc7 Rb8
16.Rad1 Bg4 17.h3 Bd7 18.Bf1 Bc6 19.Nd5 a5 20.h4 h5 21.g3 Kf8 22.Bh3 b5 23.cxb5 Bxb5
24.Bf1 Bd7 25.Rc1 Nxe4 26.Rxe4 Bg4 27.Ng5 Rxd5 28.Rxg4 hxg4 29.Rc7 Rd1 30.Kg2 Ke8
31.Bc4 Rd7 32.Bxf7+ Ke7 33.Rxd7+ Kxd7 34.Bxg6 Rb4 35.Ne4 Ke7 36.Kf1 Ke6 37.Ke2 Kd5
38.Nc3+ Kd4 39.Kd2 Bh6+ 40.Kc2 Rb6 41.Ne2+ Kd5 42.Nc3+ Kd4 43.Ne2+ Kd5 44.Nc3+  1/2-1/2

[Event "Prague Vysehrad"]
[Site "Prague"]
[Date "1989.??.??"]
[Round "6"]
[White "Netusil, Miroslav"]
[Black "Mossong, Hubert"]
[Result "0-1"]
[WhiteElo "2320"]
[BlackElo "2330"]

1.Nf3 g6 2.d4 Bg7 3.c4 Nf6 4.Nc3 O-O 5.e4 d6 6.Be2 e5 7.dxe5 dxe5 8.Qxd8 Rxd8
9.Bg5 c6 10.Nxe5 Re8 11.O-O-O Na6 12.f4 h6 13.Bh4 g5 14.Bg3 Nc5 15.fxg5 Nfxe4
16.Nxe4 Nxe4 17.Ng4 Nxg3 18.hxg3 Rxe2 19.Rd8+ Kh7 20.Nxh6 Kg6 21.Rg8 b6 22.Rf1 Re7
23.g4 Kh7 24.Rh1 Bxh6 25.Rf8 Bb7 26.Rxh6+ Kg7 27.Rxa8 Bxa8 28.Rd6 c5  0-1

[Event "Prague Vysehrad"]
[Site "Prague"]
[Date "1989.??.??"]
[Round "7"]
[White "Franic, Milan"]
[Black "Szymczak, Zbigniew"]
[Result "1-0"]
[WhiteElo "2345"]
[BlackElo "2400"]

1.d4 Nf6 2.c4 g6 3.Nc3 Bg7 4.e4 d6 5.Nf3 O-O 6.Be2 e5 7.d5 a5 8.O-O Na6 9.Bg5 h6
10.Bh4 Qe8 11.Ne1 Nc5 12.Nb5 g5 13.Bg3 Qe7 14.f3 Nh5 15.Bf2 Nf4 16.Nd3 b6
17.Nc3 f5 18.Nxc5 bxc5 19.exf5 Bxf5 20.Re1 Rf7 21.Bf1 Raf8 22.Kh1 h5 23.Be3 h4
24.Qd2 Bh6 25.Bxf4 gxf4 26.Bd3 Bc8 27.Ne4 a4 28.Qc2 h3 29.Rg1 Rg7 30.gxh3 Rf7
31.Qxa4 Bxh3 32.Qc2 Rxg1+ 33.Rxg1+ Rg7 34.Qf2 Kf8 35.Rxg7 Bxg7 36.b3 Bf6
37.Qg1 Bh4 38.Qg6 Qg7 39.Qxg7+ Kxg7 40.Kg1 Be1 41.Ng5 Bd7 42.Kf1 Bc3 43.Ne6+ Bxe6
44.dxe6 Kf6 45.Bf5 c6 46.h4 d5 47.h5 e4 48.Ke2 exf3+ 49.Kxf3 d4 50.Ke4 f3
51.Kxf3 d3 52.h6 d2 53.Ke2  1-0

[Event "Prague Mladi"]
[Site "Prague"]
[Date "1989.??.??"]
[Round "7"]
[White "Bewersdorff, Oliver"]
[Black "Szymczak, Zbigniew"]
[Result "1/2-1/2"]
[WhiteElo "2320"]
[BlackElo "2400"]

1.d4 Nf6 2.Nf3 d6 3.c4 Nbd7 4.Nc3 e5 5.e4 g6 6.Be2 Bg7 7.O-O O-O 8.Re1 c6
9.Bf1 exd4 10.Nxd4 Ng4 11.Qxg4 Bxd4 12.Be3 Bg7 13.Qd1 Ne5 14.Qd2 Be6 15.b3 Qa5
16.Rac1 Rad8 17.Bd4 c5 18.Be3 Nc6 19.Red1 a6 20.Bh6 Bxh6 21.Qxh6 Ne5 22.Qd2 Qc7
23.Re1 Rfe8 24.Ne2 Nc6 25.Nc3 Nd4 26.Ne2  1/2-1/2

[Event "Prague op"]
[Site "Prague"]
[Date "1989.??.??"]
[Round "9"]
[White "Dyballa, Markus"]
[Black "Volke, Karsten"]
[Result "1/2-1/2"]
[WhiteElo "2265"]
[BlackElo "2380"]

1.d4 Nf6 2.c4 g6 3.Nc3 Bg7 4.e4 d6 5.Nf3 O-O 6.Be2 Na6 7.O-O e5 8.d5 h6 9.Nd2 c5
10.a3 Nh7 11.Rb1 f5 12.b4 Nf6 13.exf5 gxf5 14.f4 e4 15.Qc2 cxb4 16.axb4 Qb6+
17.Kh1 Nxb4 18.Qb3 a5 19.Na2 Nd7 20.Nxb4 axb4 21.Bb2 Bxb2 22.Rxb2 Ra3 23.Qxa3 bxa3
24.Rxb6 Nxb6 25.Ra1 Re8 26.Rxa3 e3 27.Nf1 Nxc4 28.Bxc4 e2 29.Bxe2 Rxe2 30.Ra8 Re8
31.Ne3 Kf7 32.Kg1 Rxe3 33.Rxc8 Rd3 34.Rc7+ Kf6 35.Rxb7 Rxd5 36.Kf2 Ra5 37.Rh7 Kg6  1/2-1/2

[Event "CSR-ch int"]
[Site "Prague"]
[Date "1989.??.??"]
[Round "11"]
[White "Horvath, Jozsef"]
[Black "Blatny, Pavel"]
[Result "0-1"]
[WhiteElo "2510"]
[BlackElo "2450"]

1.d4 Nf6 2.Nf3 d6 3.c4 Nbd7 4.Nc3 e5 5.e4 g6 6.Be2 Bg7 7.O-O O-O 8.Re1 a5
9.Bf1 h6 10.Rb1 Kh7 11.a3 exd4 12.Nxd4 Nc5 13.b4 axb4 14.axb4 Ng4 15.h3 Ne6
16.Ndb5 Ne5 17.Be3 g5 18.Nd4 Nxd4 19.Bxd4 g4 20.hxg4 Bxg4 21.Be2 Qh4 22.Rb3 Rg8
23.Nd5 Bh8 24.g3 Ra2 25.Bxg4 Rxg4 26.Kg2 c6 27.Rh1 Qg5 28.Nc3 Rd2 29.Qa1 Rxd4  0-1

[Event "Primorsko op"]
[Site "Primorsko"]
[Date "1989.??.??"]
[Round "?"]
[White "Lalev, Dimitar"]
[Black "Syre, Christian"]
[Result "1-0"]
[WhiteElo "2390"]
[BlackElo "2270"]

1.d4 d6 2.Nf3 g6 3.c4 Bg7 4.Nc3 Nf6 5.e4 O-O 6.Be2 e5 7.O-O exd4 8.Nxd4 Re8
9.f3 c6 10.Kh1 Nbd7 11.Bg5 a5 12.Qd2 a4 13.Nc2 Nc5 14.Rfd1 Ne6 15.Bh4 Qb6
16.Rab1 Nh5 17.Qxd6 Qa5 18.Qd2 Nhf4 19.Bf1 Qh5 20.Bg3 Bh6 21.Ne3 Bg5 22.Ng4 Kg7
23.e5 Nd5 24.Qe1 Nxc3 25.Nf6 Bxf6 26.exf6+ Kg8 27.Qxc3 Nc5 28.Bd6 b6 29.Be7 Be6
30.Rd6 Rac8 31.Re1 Nb7 32.Rexe6 fxe6 33.f7+ Kxf7 34.Qf6+ Kg8 35.Qxe6+ Kg7
36.Rd7  1-0

[Event "Primorsko op"]
[Site "Primorsko"]
[Date "1989.??.??"]
[Round "?"]
[White "Safin, Shukhrat"]
[Black "Lokasto, Anatol"]
[Result "0-1"]
[WhiteElo "2365"]
[BlackElo "2290"]

1.d4 Nf6 2.c4 d6 3.Nc3 Nbd7 4.e4 e5 5.Nf3 g6 6.Be2 Bg7 7.O-O O-O 8.Be3 h6
9.Nd2 Nh7 10.dxe5 dxe5 11.c5 Ng5 12.Nc4 Ne6 13.b4 a5 14.c6 bxc6 15.Nxa5 Nb8
16.Na4 Nd4 17.Nc5 Qe7 18.Bxd4 exd4 19.Rc1 Rd8 20.Bd3 g5 21.Qh5 Qe5 22.Bc4 Rf8
23.Qe2 Re8 24.f4 gxf4 25.Nd3 Qxe4 26.Bxf7+ Kh8 27.Qh5 Qxd3 28.Bxe8 Qe3+ 29.Kh1 f3
30.Rce1 fxg2+ 31.Kxg2 Qd2+ 32.Re2 Qxb4 33.Bxc6 Nxc6 34.Re8+ Kh7 35.Nxc6 Rxa2+
36.Kh1 Qc4 37.Qf3 Qc2 38.Rf2 Ra1+ 39.Kg2 Qg6+  0-1

[Event "Ptuj"]
[Site "Ptuj"]
[Date "1989.??.??"]
[Round "4"]
[White "Krasenkow, Michal"]
[Black "Kozul, Zdenko"]
[Result "1/2-1/2"]
[WhiteElo "2525"]
[BlackElo "2490"]

1.Nf3 Nf6 2.c4 g6 3.Nc3 Bg7 4.e4 O-O 5.d4 d6 6.Be2 e5 7.O-O Nbd7 8.Qc2 c6
9.d5 c5 10.Rb1 h6 11.a3 Nh7 12.Bd3 Ndf6 13.b4 b6 14.bxc5 bxc5 15.Qa4 Nh5
16.Qc6 Bg4 17.Ne1 Qa5 18.Bd2 Rfc8 19.Qb5  1/2-1/2

[Event "NOR-ch"]
[Site "Randaberg"]
[Date "1989.??.??"]
[Round "?"]
[White "Bjerke, Richard"]
[Black "Djurhuus, Rune"]
[Result "1-0"]
[WhiteElo "2335"]
[BlackElo "2415"]

1.d4 Nf6 2.c4 d6 3.Nf3 Nbd7 4.Nc3 e5 5.e4 g6 6.Be2 Bg7 7.O-O O-O 8.Re1 c6
9.Bf1 a5 10.d5 Qc7 11.Bg5 h6 12.Bh4 Nc5 13.Nd2 Bd7 14.b3 Kh7 15.a3 Ng8 16.Rb1 f5
17.b4 Na6 18.f3 axb4 19.axb4 c5 20.bxc5 Nxc5 21.Bf2 Nf6 22.Qc2 h5 23.Nb5 Bxb5
24.cxb5 fxe4 25.Nxe4 Nfxe4 26.Rxe4 b6 27.Rh4 e4 28.Rxe4 Qf7 29.Bxc5 Rfc8
30.Re6 Rxc5 31.Qe4 Rd8 32.Bd3 Bf6 33.g4 Kg7 34.g5 Be5 35.Rxg6+ Kf8 36.f4 Bg7
37.Re6 Qc7 38.Re1 Qc8 39.f5 Be5 40.f6 Rc1 41.Kg2 Rxe1 42.Qh7 Rg1+ 43.Kh3 Bxf6
44.gxf6 Re8 45.Qh8+ Kf7 46.Qxh5+ Kf8 47.Qh6+ Kf7 48.Bg6+ Rxg6 49.Qh7+ Kf8
50.Qxg6 Qc3+ 51.Qg3 Qxg3+ 52.hxg3 Rd8 53.Kg4 Kf7 54.Kf5 Rc8 55.Rxd6 Rc5 56.Rd7+ Kg8
57.Ke6  1-0

[Event "Reykjavik"]
[Site "Reykjavik"]
[Date "1989.??.??"]
[Round "?"]
[White "Tisdall, Jonathan D"]
[Black "Watson, William N"]
[Result "1/2-1/2"]
[WhiteElo "2460"]
[BlackElo "2505"]

1.d4 Nf6 2.c4 g6 3.Nc3 Bg7 4.e4 d6 5.Nf3 O-O 6.Be2 e5 7.O-O exd4 8.Nxd4 Re8
9.f3 c6 10.Kh1 Nbd7 11.Bg5 Qa5 12.Bf4 Ne5 13.Qd2 Be6 14.Nxe6 Rxe6 15.a3 a6
16.Be3 b5 17.cxb5 axb5 18.b4 Qc7 19.Bd4 Rd8 20.a4 d5 21.Qe3 Qb8 22.axb5 dxe4
23.Ba7 Qb7 24.Nxe4 Nxe4 25.Qxe4 Qe7 26.Bc5 Qe8 27.Qc2 cxb5 28.Rad1  1/2-1/2

[Event "Reykjavik"]
[Site "Reykjavik"]
[Date "1989.??.??"]
[Round "?"]
[White "Sigfusson, Sigurdur"]
[Black "Olafsson, Helgi"]
[Result "1/2-1/2"]
[WhiteElo "2310"]
[BlackElo "2520"]

1.Nf3 g6 2.e4 Bg7 3.d4 d6 4.c4 Nf6 5.Nc3 O-O 6.Be2 e5 7.O-O Nbd7 8.Be3 h6
9.Ne1 Qe7 10.d5 Nc5 11.Qc2 a5 12.Rc1 Bd7 13.f3 Nh5 14.Qd2 Nf4 15.Nd3 g5 16.Nxc5 dxc5
17.Rcd1 Qd6 18.a3 b6 19.Bd3 Nxd3 20.Qxd3 f5 21.exf5 Bxf5 22.Ne4 Qd7 23.h3 a4
24.Qe2 Rf7 25.Bc1 Re8 26.Be3 Bf8 27.Rd2 Kg7 28.Qd1 Bd6 29.Rdf2 Bg6 30.Qd2 Rh8
31.Qe2 Rb8 32.Nc3 Re7 33.Qd1 Ra8 34.Bc1 Rf7 35.Re2  1/2-1/2

[Event "San Bernardino op"]
[Site "San Bernardino"]
[Date "1989.??.??"]
[Round "3"]
[White "Sokolov, Ivan"]
[Black "Hort, Vlastimil"]
[Result "1/2-1/2"]
[WhiteElo "2580"]
[BlackElo "2580"]

1.d4 Nf6 2.c4 g6 3.Nc3 Bg7 4.e4 d6 5.Be2 O-O 6.Nf3 e5 7.O-O Nbd7 8.Qc2 h6
9.Rd1 Re8 10.d5 a5 11.Ne1 Nc5 12.b3  1/2-1/2

[Event "Sevilla op"]
[Site "Sevilla"]
[Date "1989.??.??"]
[Round "?"]
[White "Franco Ocampo, Zenon"]
[Black "Rodriguez Talavera, Juan Carlos"]
[Result "1-0"]
[WhiteElo "2490"]
[BlackElo "2395"]

1.c4 Nf6 2.Nc3 g6 3.e4 d6 4.d4 Bg7 5.Be2 O-O 6.Nf3 e5 7.d5 a5 8.Bg5 h6 9.Bh4 Na6
10.O-O Qe8 11.Ne1 Bd7 12.Nd3 Nh7 13.Rb1 h5 14.f3 Bh6 15.Bf2 b6 16.b3 Nc5
17.Nxc5 bxc5 18.a3 f5 19.b4 axb4 20.axb4 cxb4 21.Rxb4 Rb8 22.Qb3 Rxb4 23.Qxb4 Qb8
24.Qa3 Bd2 25.exf5 Bxf5 26.Rd1 Bg5 27.Bd3 Nf6 28.Bxf5 gxf5 29.Nb5 Re8 30.h3 Re7
31.Qd3 Qc8 32.Ra1 e4 33.fxe4 fxe4 34.Qg3 Rg7 35.Bd4 h4 36.Qc3 Rf7 37.Be3 Nh7
38.Qd2 Rg7 39.Kh1 Bxe3 40.Qxe3 Qf5 41.Nd4 Qe5 42.Ra8+ Kf7 43.Ne6 Rg8 44.Qh6 Ng5
45.Ra7 Nxe6 46.dxe6+ Ke7 47.Qh7+ Rg7 48.Rxc7+ Kf8 49.Rf7+  1-0

[Event "Sochi-A"]
[Site "Sochi"]
[Date "1989.??.??"]
[Round "?"]
[White "Ruban, Vadim"]
[Black "Schlosser, Michael"]
[Result "1-0"]
[WhiteElo "2515"]
[BlackElo "2430"]

1.d4 Nf6 2.c4 g6 3.Nc3 Bg7 4.e4 d6 5.Nf3 O-O 6.Be2 e5 7.d5 a5 8.Be3 Ng4 9.Bg5 f6
10.Bh4 Na6 11.Nd2 Nh6 12.a3 Bd7 13.O-O Qe8 14.b3 Nf7 15.Rb1 f5 16.f3 Bh6
17.Bf2 Nc5 18.Qc2 Qe7 19.b4 axb4 20.axb4 Na4 21.Nb5 c6 22.Nc7 Rac8 23.Ne6 Rfe8
24.Rfd1 cxd5 25.exd5 Nd8 26.c5 dxc5 27.Nxc5 Nxc5 28.bxc5 Bf8 29.Nc4 Kh8 30.Qb2 Bg7
31.Nd6  1-0

[Event "BUL-ch"]
[Site "Sofia"]
[Date "1989.??.??"]
[Round "5"]
[White "Topalov, Veselin"]
[Black "Dimitrov, Vladimir"]
[Result "1/2-1/2"]
[WhiteElo "2395"]
[BlackElo "2420"]

1.d4 Nf6 2.Nf3 g6 3.c4 Bg7 4.Nc3 O-O 5.e4 d6 6.Be2 e5 7.O-O Na6 8.Re1 c6
9.Bf1 exd4 10.Nxd4 Ng4 11.Nf3 Qb6 12.Re2 Be6 13.h3 Ne5 14.Nxe5 dxe5 15.Be3 Qb4
16.c5 Rfd8 17.Rd2 Qa5 18.Bxa6 Rxd2 19.Qxd2 Qxa6 20.Rd1 Bf8 21.b3 Be7 22.Qb2 f6
23.Na4 Kf7 24.f4 exf4 25.Bxf4 b5 26.cxb6 axb6 27.Rf1 Qd3 28.Bg5 Rxa4 29.Rxf6+ Kg8
30.bxa4  1/2-1/2

[Event "Spijkenisse"]
[Site "Spijkenisse"]
[Date "1989.??.??"]
[Round "1"]
[White "Cramling, Pia"]
[Black "Piket, Jeroen"]
[Result "1/2-1/2"]
[WhiteElo "2480"]
[BlackElo "2500"]

1.d4 Nf6 2.c4 g6 3.Nc3 Bg7 4.e4 d6 5.Nf3 O-O 6.Be2 e5 7.dxe5 dxe5 8.Qxd8 Rxd8
9.Bg5 c6 10.Nxe5 Re8 11.O-O-O Na6 12.f4 h6 13.Bh4 Nc5 14.Bf3 g5 15.Bf2 Ne6
16.f5 Nf4 17.Nd3 Nxd3+ 18.Rxd3 g4 19.Bd1 Nxe4 20.Nxe4 Rxe4 21.Rd8+ Kh7 22.Re1 Rxc4+
23.Kd2 Bf6 24.Rf8 Bg5+ 25.Be3 Rd4+  1/2-1/2